01040nam a2200229 i 4500001000700000003000900007005001700016007000300033008004100036080002000077245016700097260003600264300003500300490007700335600005700412700002400469700002500493830008500518852006600603999001900669952012200688104886ES-MaACL20230906183721.0t|060522s1959 ne |||| | fre d a1 Bayle, Pierre00aPierre Bayle b: le philosophe de Rotterdam / cetudes et documents publiés sous la direction de Paul Dibon ; avec la collaboration de R.H. Popkin ... [et al.]. aAmsterdam : bElsevier, c1959. aXIX, 255 p. : bil. ; c24 cm.1 aPublications de l'Institut Français d'Amsterdam. Maison Descartes ;v314aBayle, Pierre-xCrítica e interpretación.9266741 aDibon, Paul.9444731 aPopkin, R. H.9930950 aPublications de l'Institut Français d'Amsterdam. Maison Descartes ;v39232660 aES-MaACLjE-11205 z. - Biblioteca Jacinto Martínez Lacalle c104886d104886 00104070aATENEOMbATENEOMcDEPO2d2008-01-17eSCl0oE-11205p1109500r2023-02-23 00:00:00w2023-02-23yMONOGRAFIA